000
00307nam a2200109Ia 4500
008
171204s9999 xx 000 0 und d
245
_a
Kant's Empirical Psychology:
245
_c
Patrick R. Frierson
260
_c
2014
650
_x
GENERAL PSYCHOLOGY
856
_u
http://down.ebook777.com/052/1107032652.pdf
999
_c
346437
_d
346437